El vino en la Antigüedad Romana

Saved in:
書目詳細資料
主要作者: Celestino Pérez, Sebastián (Author)
格式: 圖書
語言:西班牙语
出版: Madrid Universidad Autónoma de Madrid 1999
叢編:Serie Varia, 4
主題:
標簽: 添加標簽
沒有標簽, 成為第一個標記此記錄!

MARC

LEADER 00000nam a2200000 a 4500
001 UCG1557
003 CL-VaPUC
005 20250228120921.0
008 100506e19990000sp 1 spa d
020 |a 8493082422 
082 0 4 |a 663.2009  |b CEL  |2 21 
100 1 |a Celestino Pérez, Sebastián  |e author  |9 621622 
245 1 3 |a El vino en la Antigüedad Romana 
260 |a Madrid  |b Universidad Autónoma de Madrid  |c 1999 
300 |a 291 p 
490 0 |a Serie Varia, 4 
583 |a last modification  |c 20190908 07:22:39  |k Rodrigo Vera 
650 0 0 |a Vitivinicultura  |9 389598 
650 0 0 |a Vinificación  |9 264639 
650 0 0 |a Vino  |x Historia  |9 473667 
942 |c BK 
945 |a dcastane  |d 20100506 00:00:00 
546 |a En Español 
536 |a Universidad Autónoma de Madrid 
518 |p El vino en la Antigüedad Romana, 1, Jerez, 2-4 de octubre de 1996 
999 |c 384549  |d 384547 
952 |0 0  |1 0  |4 0  |6 663_200900000000000_CEL_1999  |7 0  |8 A  |9 507341  |a BIBHIS  |b BIBHIS  |d 2020-01-23  |i 4667042  |o 663.2009 CEL 1999  |p 4667042  |r 2025-01-20  |w 2020-01-23  |y BK  |k HIS